000
00400nam a2200133Ia 4500
008
151001s9999||||xx |||||||||||||| ||und||
100
_a
वीरेंद्र सस्केना
245
_a
जीवन विमर्श चिताए और चिन्तन
250
_a
1
260
_b
पंकज बुक्स
260
_c
2006
300
_a
136
365
_b
21
999
_c
992317
_d
992314